[Event "Biel Rapid op 58th"]
[Site "Biel"]
[Date "2025.07.13"]
[Round "7"]
[White "Guidi, Elia"]
[Black "Klopfenstein, Francois"]
[Result "0-1"]
[WhiteElo "1653"]
[BlackElo "1851"]
[PlyCount "54"]
[EventDate "2025.07.13"]
[EventType "swiss (rapid)"]
[EventRounds "9"]
[EventCountry "SUI"]
[SourceTitle "CB29_2025"]
[SourceDate "2025.07.16"]
[SourceVersion "1"]
[SourceVersionDate "2025.07.16"]
[SourceQuality "1"]

1. d4 Nf6 2. c4 e6 3. Nc3 Bb4 4. Qc2 0-0 5. a3 Bxc3+ 6. Qxc3 Ne4 7. Qc2 f5 8. Bf4 d6 9. e3 Nd7 10. Bd3 Nef6 11. h3 b6 12. Ne2 Bb7 13. Rg1 Qe7 14. g4 e5 15. dxe5 dxe5 16. g5 Nh5 17. Bxf5 exf4 18. Bxh7+ Kh8 19. Qg6 Qf7 20. Qd3 Ne5 21. Qc2 Nf3+ 22. Kf1 Nxg1 23. Kxg1 fxe3 24. f4 Nxf4 25. g6 Nxh3+ 26. Kh2 Qf2+ 27. Kxh3 Bc8+ 0-1